| 000 | 00737cam a2200193 4500 | ||
|---|---|---|---|
| 001 | WS110364 | ||
| 008 | 000000n 000 0 eng u | ||
| 035 | _a(Sirsi) u110364 | ||
| 110 |
_aLandscape Institute _9134 |
||
| 245 | _aLandscape Institute | ||
| 520 | _aSite for this organisation for landscape architects and designers, managers and scientists concerned with enhancing and conserving the environment. Includes a register of practices and details of careers. | ||
| 650 | _aLANDSCAPE ARCHITECTS | ||
| 650 | _aLANDSCAPE DESIGN | ||
| 650 | _aINTERNATIONAL LANDSCAPE ALLIANCE | ||
| 650 | _aORGANISATION | ||
| 690 | _aLAND | ||
| 856 | 4 | 0 |
_uhttps://www.l-i.org.uk _zView the website free of charge at www.l-i.org.uk... |
| 942 | _n0 | ||
| 999 |
_c119749 _d119749 |
||